Star Wars... or Star Trek? - Statistics

General Stats
  • This quiz has been taken 33,501 times
    32,669 since last reset
  • The average score is 13 of 15
Answer Stats
Question Answer % Correct
Features the Death Star, a moon-sized space station that can destroy planets Star Wars
98%
Was originally a television series Star Trek
97%
Involves a mysterious ubiquitous power called "The Force" Star Wars
97%
Was created by George Lucas Star Wars
96%
Has earned more at the box office Star Wars
95%
Has handheld energy weapons called "phasers" Star Trek
89%
Is owned by Disney Star Wars
87%
Natalie Portman has acted in one of the movies Star Wars
86%
Features people from the planet Earth Star Trek
84%
Involves faster-than-light travel Both
82%
Features robots with artificial intelligence Both
80%
Has theme music by John Williams Star Wars
79%
Features 3D holographic projections Both
78%
Was created earlier Star Trek
72%
J.J. Abrams directed a movie in the franchise Both
35%
No matching quizzes found
Score Distribution
Percent of People with Each Score
Percentile by Number Answered
Your Score History
You have not taken this quiz since the last reset